bk_Country Shape - Asia - Statistics

General Stats
  • This quiz has been taken 8 times
  • The average score is 36 of 48
Answer Stats
Picture Answer % Correct
Afghanistan
100%
China
100%
Cyprus
100%
India
100%
Indonesia
100%
Israel
100%
Japan
100%
Jordan
100%
Laos
100%
Nepal
100%
Philippines
100%
Sri Lanka
100%
Thailand
100%
Vietnam
100%
Yemen
100%
Bangladesh
86%
Iran
86%
Iraq
86%
Maldives
86%
Myanmar
86%
Oman
86%
Pakistan
86%
Saudi Arabia
86%
South Korea
86%
Turkey
86%
United Arab Emirates
86%
Brunei
71%
Malaysia
71%
North Korea
71%
Taiwan
71%
Uzbekistan
71%
Azerbaijan
57%
East Timor
57%
Kazakhstan
57%
Kuwait
57%
Lebanon
57%
Mongolia
57%
Singapore
57%
Syria
57%
Turkmenistan
57%
Bahrain
43%
Bhutan
43%
Georgia
43%
Kyrgyzstan
43%
Qatar
43%
Tajikistan
43%
Armenia
29%
Cambodia
14%
No matching quizzes found
Score Distribution
Percent of People with Each Score
Percentile by Number Answered
Your Score History
You have not taken this quiz